000 00546nam a2200181Ia 4500
005 20250508151144.0
008 008 250505s9999 xx 000 0 eng d
037 _aTextual
040 _aFEDL
_beng
_cFEDL
041 _aeng
_2eng
084 _a607, UNI
_qFEDL
245 0 _aEducational in a technological society
245 0 _cUNESCO (Paris France)
260 _aParis, France
_bUnited Nations Educational, Scientific and Cultural Organization
_c1952
300 _a73p
942 _cTEXL
_h607, UNI
999 _c1327944
_d1327944